Sports Quiz

Random Sports or NBA Quiz

2016 NBA All Star Teams Quiz Stats

 Plays Quiz not verified by Sporcle

Score 0/26 Timer 05:00
0 Plays Today
Hint Answer % Correct
EAST SG Miami HeatDwyane Wade
100%
EAST SF Cleveland CavaliersLeBron James
100%
EAST PG Washington WizardsJohn Wall
99.5%
EAST SF Indiana PacersPaul George
99.5%
EAST SF New York KnicksCarmelo Anthony
99.5%
EAST SG Chicago BullsJimmy Butler
99.1%
EAST PG Toronto RaptorsKyle Lowry
97.6%
EAST SG Toronto RaptorsDeMar DeRozan
97.6%
WEST PG Golden State WarriorsStephen Curry
97.6%
WEST PG Los Angeles ClippersChris Paul
97.6%
WEST SG Houston RocketsJames Harden
97.6%
EAST PG Boston CelticsIsaiah Thomas
97.2%
WEST PG Oklahoma City ThunderRussell Westbrook
97.2%
Hint Answer % Correct
WEST SF Oklahoma City ThunderKevin Durant
97.2%
WEST C New Orleans PelicansAnthony Davis
97.2%
EAST C Detroit PistonsAndre Drummond
96.7%
WEST SG Golden State WarriorsKlay Thompson
96.2%
WEST SG Los Angeles LakersKobe Bryant
96.2%
WEST SF San Antonio SpursKawhi Leonard
96.2%
WEST PF Golden State WarriorsDraymond Green
96.2%
WEST C Sacramento KingsDeMarcus Cousins
94.3%
EAST PF Miami HeatChris Bosh
93.9%
WEST PF San Antonio SpursLaMarcus Aldridge
91.5%
EAST PF Atlanta HawksPaul Millsap
89.2%
EAST C Atlanta HawksAl Horford
85.8%
EAST C Chicago BullsPau Gasol
81.6%

You're not logged in!

Compare scores with friends on all Sporcle quizzes.
OR
Log In

Sporcle TV

Today on Sporcle TV


Watch our educational content, quiz creation guides, and fun videos on Sporcle TV.

Show Comments

Extras

Created Jul 29, 2016ReportNominate
Tags:NBA Quiz, 2016, star, team

Top Quizzes Today


Score Distribution

Your Account Isn't Verified!

In order to create a playlist on Sporcle, you need to verify the email address you used during registration. Go to your Sporcle Settings to finish the process.

Report this User

Report this user for behavior that violates our Community Guidelines.

Details: